Statistiques concernant Régions Pokémon

Cliquez ici pour prendre le quiz!

Statistiques générales

  • Ce quiz a été pris 1 813 fois
    (1 014 depuis la dernière actualisation)
  • Le résultat moyen est 8 sur 9

Statistiques - réponses

Régions% Correct
Kanto
98%
Johto
92%
Alola
88%
Sinnoh
87%
Unys
87%
Hoenn
85%
Kalos
82%
Galar
81%
Paldea
76%

Distribution des résultats

Percentile par nombre de réponses

% des personnes avec chaque résultat

Votre développement - résultats

Vous n’avez pas pris ce quiz depuis la dernière actualisation